| 000 | 01619nam a22003257a 4500 | ||
|---|---|---|---|
| 999 |
_c64457 _d64457 |
||
| 005 | 20240530110732.0 | ||
| 008 | 180514s2007 ua g 000 0 ara d | ||
| 017 |
_bمصر. دار الكتب _a2007/15165 |
||
| 040 |
_aEG-CaGPL _cEG-CaGPL |
||
| 082 | 0 | 4 |
_221 _a001.5 / _bع إ |
| 100 | 0 | _aعبدالكريم العبدلاوى | |
| 245 | 1 | 2 |
_aالاعلام فى العالم العربى بين التحرير واعادة انتاج الهيمنة : _bدراسات فى البث الاعلامى فى الاردن ومصر والمغرب / _cاعداد عبدالكريم العبدلاوى، عصام الدين محمد حسن، محمد قطيشات ؛ تقديم معتز الفجيرى ؛ تحرير عصام الدين محمد حسن |
| 250 | _aط.1 | ||
| 260 |
_aالقاهرة : _bمركز القاهرة لدراسات حقوق الانسان ، _c2007. |
||
| 300 |
_a416 ص. ؛ _c24 سم. |
||
| 490 | 0 |
_aسلسلة قضايا الاصلاح ؛ _v15. |
|
| 650 | 0 | 7 |
_2qrmak _aوسائل الاعلام |
| 650 | 0 | 7 |
_2qrmak _aالاعلام _xفلسفة ونظريات |
| 650 | 0 | 7 |
_2qrmak _aالوعى الاجتماعى |
| 650 | 0 | 7 |
_2qrmak _aالاعلام _zالاردن |
| 650 | 0 | 7 |
_2qrmak _aالاعلام _zمصر |
| 650 | 0 | 7 |
_2qrmak _aالاعلام _zالمغرب |
| 651 | _2qrmak | ||
| 700 | 0 |
_aعصام الدين محمد حسن _eمؤلف مشارك |
|
| 700 | 0 |
_aمحمد قطيشات _eمؤلف مشارك |
|
| 700 | 0 |
_aمعتز الفجيرى _eمقدم |
|
| 700 | 0 |
_aعصام الدين محمد حسن _eمحرر |
|
| 942 |
_2ddc _cBK |
||